[Event "Titled Tuesday intern op 12th Mar Late"]
[Site "Chess.com INT"]
[Date "2024.03.12"]
[Round "4"]
[White "Pert, Nina P"]
[Black "Dobre, Claudiu Cristian"]
[Result "0-1"]
[WhiteElo "1966"]
[BlackElo "2259"]
[PlyCount "76"]
[EventDate "2024.03.12"]
[EventType "swiss (blitz)"]
[EventRounds "11"]
[EventCountry "USA"]
[SourceTitle "CB12_2024"]
[SourceDate "2023.10.01"]
[SourceVersion "1"]
[SourceVersionDate "2023.10.01"]
[SourceQuality "1"]

1. e4 Nc6 2. Nf3 d6 3. d4 Nf6 4. Nc3 Bg4 5. Be2 e5 6. d5 Ne7 7. h3 Bd7 8. Be3 g6 9. Qd2 Bg7 10. 0-0-0 0-0 11. Bh6 b5 12. Nxb5 Nxe4 13. Bxg7 Nxd2 14. Bxf8 Nxf3 15. Bxe7 Qxe7 16. gxf3 Rb8 17. Nc3 Qg5+ 18. Kb1 Qh4 19. a3 Qxf2 20. Rde1 Qb6 21. b3 Bf5 22. Ne4 Qd4 23. Bd3 Rxb3+ 24. cxb3 Qxd3+ 25. Kb2 Qxf3 26. Nc3 Qg2+ 27. Ka1 Qc2 28. Nb1 Qxb3 29. Re2 Qxd5 30. Rc1 Qd4+ 31. Rb2 c5 32. Nc3 d5 33. Ne2 Qa4 34. Ka2 d4 35. Rxc5 Be6+ 36. Kb1 Qxa3 37. Rxe5 Bf5+ 38. Kc1 Qa1+ 0-1

[Event "Cambridge op 2nd"]
[Site "Cambridge"]
[Date "2024.02.24"]
[Round "9"]
[White "Pert, Nina P"]
[Black "Evans, Ruben"]
[Result "0-1"]
[WhiteElo "2010"]
[BlackElo "1647"]
[PlyCount "54"]
[EventDate "2024.02.19"]
[EventType "swiss"]
[EventRounds "9"]
[EventCountry "ENG"]
[SourceTitle "CB09_2024"]
[SourceDate "2024.02.28"]
[SourceVersion "1"]
[SourceVersionDate "2024.02.28"]
[SourceQuality "1"]

1. e4 e6 2. d4 d5 3. Nd2 Nf6 4. e5 Nfd7 5. Ngf3 c5 6. c3 Nc6 7. Bd3 Qb6 8. 0-0 cxd4 9. cxd4 Nxd4 10. Nxd4 Qxd4 11. Nf3 Qb6 12. Qa4 Qb4 13. Qc2 Nc5 14. Bd2 Qa4 15. b3 Qa3 16. Bb5+ Bd7 17. Nd4 a6 18. Bxd7+ Nxd7 19. Qc7 Qc5 20. Qxc5 Bxc5 21. Bc3 Rc8 22. Rfe1 0-0 23. a4 Rc7 24. Rad1 Rfc8 25. Rd3 Nxe5 26. Rg3 Ng6 27. Kf1 Bd6 0-1

[Event "Cambridge op 2nd"]
[Site "Cambridge"]
[Date "2024.02.23"]
[Round "7"]
[White "Pert, Nina P"]
[Black "Woods, Yannick"]
[Result "0-1"]
[WhiteElo "2010"]
[BlackElo "1817"]
[PlyCount "112"]
[EventDate "2024.02.19"]
[EventType "swiss"]
[EventRounds "9"]
[EventCountry "ENG"]
[SourceTitle "CB09_2024"]
[SourceDate "2024.02.28"]
[SourceVersion "1"]
[SourceVersionDate "2024.02.28"]
[SourceQuality "1"]

1. e4 e5 2. Nf3 Nc6 3. Bc4 Bc5 4. c3 Nf6 5. d4 exd4 6. cxd4 Bb4+ 7. Nc3 Nxe4 8. 0-0 Bxc3 9. d5 Bf6 10. Re1 Ne7 11. Rxe4 d6 12. Bg5 Bxg5 13. Nxg5 h6 14. Qe2 hxg5 15. Re1 Be6 16. dxe6 f6 17. Re3 c6 18. Rb3 Qc7 19. h3 g6 20. Bd3 Kf8 21. Bc2 d5 22. Qf3 Kg7 23. Ra3 Rh4 24. Qd1 Rah8 25. Rg3 Qd6 26. Qe2 Re8 27. Qe3 Qf4 28. Qe2 a6 29. Rb3 Qc7 30. Qd2 c5 31. Rd3 g4 32. Rg3 gxh3 33. gxh3 Qf4 34. Qd3 c4 35. Qc3 Qd4 36. Qb4 Rf4 37. Ree3 b5 38. a4 Qb6 39. Qd2 d4 40. Re1 Rh4 41. a5 Qd6 42. Be4 f5 43. Bg2 Qf4 44. Qb4 Rh5 45. Rd1 d3 46. Qc5 Rg5 47. Re3 Qh4 48. Qd6 f4 49. Rf3 Nd5 50. Qxa6 Re5 51. Qxb5 R8xe6 52. Qxc4 Re1+ 53. Rxe1 Rxe1+ 54. Kh2 d2 55. Qd4+ Nf6 56. Qxd2 Ng4# 0-1

[Event "Titled Tuesday intern op 22nd Aug Early"]
[Site "Chess.com INT"]
[Date "2023.08.22"]
[Round "7"]
[White "Bueno, Alfeu Varela Jr"]
[Black "Pert, Nina P"]
[Result "1-0"]
[WhiteElo "2135"]
[BlackElo "2021"]
[PlyCount "43"]
[EventDate "2023.08.22"]
[EventType "swiss (blitz)"]
[EventRounds "11"]
[EventCountry "USA"]
[SourceTitle "EXT 2024"]
[Source "ChessBase"]
[SourceDate "2023.10.10"]
[SourceVersion "1"]
[SourceVersionDate "2023.10.10"]
[SourceQuality "1"]

1. e4 c6 2. d4 d5 3. f3 Qa5+ 4. Nc3 e6 5. Bd3 Nf6 6. Nge2 a6 7. 0-0 Be7 8. e5 Nfd7 9. f4 c5 10. f5 cxd4 11. fxe6 fxe6 12. Nxd4 Nf8 13. Qh5+ g6 14. Qh6 Rg8 15. Kh1 Bd7 16. Qf4 Rg7 17. Qh6 Rg8 18. Bg5 Qd8 19. Be3 Nc6 20. Qf4 Rg7 21. Qf2 Bh4 22. Qxf8# 1-0

[Event "Titled Tuesday intern op 22nd Aug Early"]
[Site "Chess.com INT"]
[Date "2023.08.22"]
[Round "4"]
[White "Swicarz, Maciej"]
[Black "Pert, Nina P"]
[Result "1-0"]
[WhiteElo "2261"]
[BlackElo "2021"]
[PlyCount "69"]
[EventDate "2023.08.22"]
[EventType "swiss (blitz)"]
[EventRounds "11"]
[EventCountry "USA"]
[SourceTitle "EXT 2024"]
[Source "ChessBase"]
[SourceDate "2023.10.10"]
[SourceVersion "1"]
[SourceVersionDate "2023.10.10"]
[SourceQuality "1"]

1. e4 e6 2. d4 d5 3. e5 c5 4. Qg4 cxd4 5. Nf3 Nc6 6. Bd3 Nge7 7. 0-0 Ng6 8. Re1 Be7 9. a3 Qb6 10. h4 Bf8 11. h5 Nge7 12. c3 Bd7 13. cxd4 0-0-0 14. Nc3 f6 15. b4 f5 16. Qf4 h6 17. Bb2 g5 18. hxg6 Nxg6 19. Qe3 h5 20. Na4 Qc7 21. b5 Bh6 22. Ng5 Na5 23. Rec1 Nc4 24. Bxc4 dxc4 25. d5 Bxb5 26. Qxa7 Bxa4 27. Qxa4 exd5 28. Ne6 Qb6 29. Nxd8 Rxd8 30. Rcb1 Qc5 31. e6 Nf4 32. Qa8+ Kc7 33. Be5+ Rd6 34. Rxb7+ Kc6 35. Qc8# 1-0

[Event "Titled Tuesday intern op 15th Aug Early"]
[Site "Chess.com INT"]
[Date "2023.08.15"]
[Round "1"]
[White "Pert, Nina P"]
[Black "Kraiouchkine, Nikita"]
[Result "1-0"]
[WhiteElo "2021"]
[BlackElo "2218"]
[PlyCount "63"]
[EventDate "2023.08.15"]
[EventType "swiss (blitz)"]
[EventRounds "11"]
[EventCountry "USA"]
[SourceTitle "EXT 2024"]
[Source "ChessBase"]
[SourceDate "2023.10.10"]
[SourceVersion "1"]
[SourceVersionDate "2023.10.10"]
[SourceQuality "1"]

1. e4 e5 2. Nf3 Nc6 3. Bc4 Nf6 4. d3 Be7 5. 0-0 d6 6. h3 0-0 7. c3 Na5 8. Bb5 a6 9. Ba4 b5 10. Bc2 c5 11. Re1 Qc7 12. Nbd2 Nc6 13. Nf1 d5 14. exd5 Nxd5 15. d4 cxd4 16. cxd4 exd4 17. Nxd4 Nxd4 18. Qxd4 Qxc2 19. Qxd5 Be6 20. Qf3 Bf6 21. Ne3 Qc5 22. Rb1 Bxa2 23. Ra1 Be6 24. b4 Qxb4 25. Ba3 Qa4 26. Bxf8 Bxa1 27. Qxa8 h6 28. Ba3+ Kh7 29. Rxa1 b4 30. Bb2 Qb3 31. Qe4+ g6 32. Qe5 1-0

[Event "GBR-ch 109th"]
[Site "Leicester"]
[Date "2023.07.26"]
[Round "5"]
[White "Pert, Nina P"]
[Black "Mitra, Roman"]
[Result "0-1"]
[WhiteElo "2021"]
[BlackElo "2171"]
[PlyCount "58"]
[EventDate "2023.07.22"]
[EventType "swiss"]
[EventRounds "9"]
[EventCountry "ENG"]
[SourceTitle "CBM 215 Extra"]
[Source "ChessBase"]
[SourceDate "2023.09.30"]
[SourceVersion "1"]
[SourceVersionDate "2023.09.30"]
[SourceQuality "1"]

1. e4 e5 2. Nf3 Nf6 3. Nxe5 d6 4. Nf3 Nxe4 5. Nc3 Nxc3 6. dxc3 Be7 7. Be3 0-0 8. Qd2 Nd7 9. 0-0-0 Nf6 10. h3 c5 11. g4 Qa5 12. a3 b5 13. g5 Nd7 14. Bf4 Bb7 15. Bg2 Nb6 16. Rhe1 Nc4 17. Qd3 Rfe8 18. h4 d5 19. g6 hxg6 20. h5 Nxb2 21. Kxb2 c4 22. Qd4 Bxa3+ 23. Kb1 b4 24. Bd2 Bb2 25. Kxb2 Qa3+ 26. Kb1 b3 27. cxb3 cxb3 28. Qd3 Qa2+ 29. Kc1 b2+ 0-1

[Event "GBR-ch 109th"]
[Site "Leicester"]
[Date "2023.07.25"]
[Round "4"]
[White "Kueh, Audrey"]
[Black "Pert, Nina P"]
[Result "1/2-1/2"]
[WhiteElo "2096"]
[BlackElo "2021"]
[PlyCount "165"]
[EventDate "2023.07.22"]
[EventType "swiss"]
[EventRounds "9"]
[EventCountry "ENG"]
[SourceTitle "CBM 215 Extra"]
[Source "ChessBase"]
[SourceDate "2023.09.30"]
[SourceVersion "1"]
[SourceVersionDate "2023.09.30"]
[SourceQuality "1"]

1. e4 d5 2. exd5 c6 3. c4 cxd5 4. cxd5 Nf6 5. Qa4+ Nbd7 6. Nc3 g6 7. Nf3 Bg7 8. Bc4 0-0 9. d3 a6 10. Qa3 Qc7 11. 0-0 Nb6 12. Be3 Nxc4 13. dxc4 Qxc4 14. Rad1 Nh5 15. Bd4 Re8 16. Rfe1 Bg4 17. Bxg7 Kxg7 18. Ne5 Qc8 19. Rd4 Bd7 20. Qa5 b5 21. a4 Rb8 22. Nxd7 Qxd7 23. Qxa6 e5 24. Rdd1 bxa4 25. Qxa4 Qb7 26. Rd2 Rbd8 27. d6 Nf4 28. Qe4 Qd7 29. Ne2 f5 30. Qe3 Nh5 31. Rc1 Qe6 32. Rc7+ Kg8 33. Ng3 f4 34. Qc5 fxg3 35. hxg3 Nf6 36. Ra7 Rc8 37. Rc7 Ne4 38. Qd5 Qxd5 39. Rd3 Qd4 40. Rxd4 Nxd6 41. Rd5 Rcd8 42. Ra7 Ne4 43. Rc5 Nf6 44. Rcc7 Kh8 45. Rf7 Re6 46. f3 Red6 47. Rae7 R6d7 48. Rxd7 Nxd7 49. Re7 Kg8 50. Kf2 Nc5 51. Ke2 Rd5 52. g4 Nd3 53. Rb7 Nf4+ 54. Ke3 Nxg2+ 55. Ke4 Rd4+ 56. Kxe5 Rf4 57. Rb3 h5 58. gxh5 gxh5 59. Rb8+ Kg7 60. Rb7+ Kg6 61. Rb8 Rf5+ 62. Ke4 Nh4 63. f4 Rf7 64. Rg8+ Kh7 65. Rg5 Kh6 66. Rb5 Ng2 67. f5 Kg5 68. Re5 h4 69. Re8 h3 70. Rg8+ Kh4 71. Rh8+ Kg3 72. Rg8+ Kf2 73. Rh8 Kg3 74. Rg8+ Kh2 75. Ke5 Rh7 76. f6 Kg1 77. Rd8 h2 78. Rd1+ Kf2 79. Rh1 Ne3 80. f7 Ng4+ 81. Ke6 Rh6+ 82. Ke7 Rh7 83. Rxh2+ 1/2-1/2

[Event "GBR-ch 109th"]
[Site "Leicester"]
[Date "2023.07.23"]
[Round "2"]
[White "Pert, Nina P"]
[Black "Midhun, PU."]
[Result "1/2-1/2"]
[WhiteElo "2021"]
[BlackElo "2168"]
[PlyCount "127"]
[EventDate "2023.07.22"]
[EventType "swiss"]
[EventRounds "9"]
[EventCountry "ENG"]
[SourceTitle "CBM 215 Extra"]
[Source "ChessBase"]
[SourceDate "2023.09.30"]
[SourceVersion "1"]
[SourceVersionDate "2023.09.30"]
[SourceQuality "1"]

1. e4 e5 2. Nf3 Nc6 3. Bc4 Bc5 4. c3 Nf6 5. d4 exd4 6. cxd4 Bb4+ 7. Nbd2 Nxe4 8. d5 Ne7 9. 0-0 Nxd2 10. Nxd2 0-0 11. a3 Ba5 12. Ne4 d6 13. b4 Bb6 14. Bb2 Ng6 15. Qf3 Qh4 16. Rae1 Bd7 17. g3 Bg4 18. Qc3 Qh6 19. Be2 Bxe2 20. Rxe2 Ne5 21. Kg2 Rae8 22. Rfe1 f5 23. Bc1 Qh5 24. Ng5 Ng4 25. h4 Rxe2 26. Rxe2 Nf6 27. Re7 Qd1 28. Bd2 f4 29. Re1 Qh5 30. Bxf4 h6 31. Nf3 Qxd5 32. Re7 Rf7 33. Re2 Nh5 34. Bc1 Nf6 35. Bf4 Nh5 36. Bc1 a5 37. bxa5 Bxa5 38. Qe3 Nf6 39. Bb2 Bb6 40. Bd4 Ng4 41. Qe4 Qxe4 42. Rxe4 Nf6 43. Re2 c5 44. Bb2 d5 45. Rc2 d4 46. Ne5 Re7 47. Nc4 Bc7 48. a4 Re1 49. Ba3 Ne4 50. Rb2 Rc1 51. Rxb7 Rxc4 52. Rxc7 d3 53. Rd7 d2 54. Kf3 Nf6 55. Rd8+ Kf7 56. Ke2 Ne4 57. Ke3 Nxg3 58. fxg3 Rc3+ 59. Kf2 Rxa3 60. Rxd2 Rxa4 61. Rd7+ Kf6 62. Rc7 Ra5 63. Kf3 g6 64. Rc6+ 1/2-1/2

[Event "ENG-ch Chessable (Women)"]
[Site "Kenilworth"]
[Date "2023.05.29"]
[Round "7"]
[White "Dicen, Elis Denele"]
[Black "Pert, Nina P"]
[Result "1/2-1/2"]
[WhiteElo "1925"]
[BlackElo "1999"]
[PlyCount "118"]
[EventDate "2023.05.26"]
[EventType "swiss"]
[EventRounds "7"]
[EventCountry "ENG"]
[SourceTitle "CBM 214 Extra"]
[Source "ChessBase"]
[SourceDate "2023.07.31"]
[SourceVersion "1"]
[SourceVersionDate "2023.07.31"]
[SourceQuality "1"]

1. d4 d5 2. Nf3 e6 3. Bg5 f6 4. Bh4 Bd6 5. e3 Ne7 6. c4 c6 7. Nc3 Nd7 8. Bd3 Nf8 9. Qc2 Nfg6 10. Bg3 f5 11. Ne2 a6 12. c5 Bc7 13. Nf4 Rb8 14. Rc1 0-0 15. 0-0 Nxf4 16. Bxf4 Ng6 17. Bxc7 Qxc7 18. Qc3 Bd7 19. b3 Rbe8 20. Ne5 Nxe5 21. dxe5 f4 22. exf4 Rxf4 23. g3 Rf7 24. f4 Ref8 25. Qd4 Rb8 26. Kg2 Qa5 27. Rf2 g6 28. b4 Qc7 29. a3 a5 30. Rfc2 Rff8 31. h4 b6 32. cxb6 Rxb6 33. b5 Qb7 34. a4 Rc8 35. Qc5 Kf7 36. Kh2 Ra8 37. Qd4 Re8 38. Rc5 Re7 39. bxc6 Rxc6 40. Bb5 Rxc5 41. Qxc5 h6 42. Rb1 Qa8 43. Qd6 Qc8 44. Rb2 Qc3 45. Rg2 Bxb5 46. axb5 a4 47. Qa6 Qb3 48. b6 a3 49. Rf2 d4 50. h5 d3 51. hxg6+ Kg7 52. f5 exf5 53. b7 Rxb7 54. Qf6+ Kg8 55. Qxf5 Rb8 56. e6 Qb7 57. Qxd3 Qe7 58. Qc4 Rb2 59. Rxb2 axb2 1/2-1/2

[Event "ENG-ch Chessable (Women)"]
[Site "Kenilworth"]
[Date "2023.05.28"]
[Round "5"]
[White "Kueh, Audrey"]
[Black "Pert, Nina P"]
[Result "1-0"]
[WhiteElo "2129"]
[BlackElo "1999"]
[PlyCount "117"]
[EventDate "2023.05.26"]
[EventType "swiss"]
[EventRounds "7"]
[EventCountry "ENG"]
[SourceTitle "CBM 214 Extra"]
[Source "ChessBase"]
[SourceDate "2023.07.31"]
[SourceVersion "1"]
[SourceVersionDate "2023.07.31"]
[SourceQuality "1"]

1. e4 c6 2. d4 d5 3. Nd2 dxe4 4. Nxe4 Nf6 5. Nxf6+ exf6 6. c3 Bd6 7. Bd3 0-0 8. Qc2 Re8+ 9. Ne2 h5 10. 0-0 h4 11. h3 Nd7 12. Be3 Nf8 13. c4 Be6 14. Rad1 Rc8 15. Nf4 b5 16. b3 Qd7 17. Nxe6 Nxe6 18. Bh7+ Kf8 19. d5 cxd5 20. Rxd5 Qc7 21. Rfd1 Rcd8 22. cxb5 Qe7 23. Bf5 Ng5 24. Qc4 g6 25. Qxh4 Kg7 26. Qd4 Be5 27. Qxa7 Qxa7 28. Bxa7 Rxd5 29. Rxd5 gxf5 30. b6 Re7 31. a4 Ne4 32. a5 Nc3 33. Rxe5 fxe5 34. a6 Ne2+ 35. Kh2 Nd4 36. Bb8 Nc6 37. a7 Re8 38. a8Q Nxb8 39. Qb7 e4 40. g3 Kf6 41. b4 Ke6 42. b5 f6 43. Kg2 Ke5 44. h4 f4 45. Qc7+ Ke6 46. gxf4 Nd7 47. Qc6+ Ke7 48. Qxe4+ Kf7 49. Qd5+ Ke7 50. b7 Rb8 51. Kf3 Rh8 52. h5 Rd8 53. Qe4+ Kf7 54. Qg6+ Ke6 55. h6 Nf8 56. Qe4+ Kf7 57. Qc4+ Kg6 58. Qc7 Ne6 59. Qxd8 1-0

[Event "ENG-ch Chessable (Women)"]
[Site "Kenilworth"]
[Date "2023.05.26"]
[Round "2"]
[White "Pert, Nina P"]
[Black "Subramanian, Anusha"]
[Result "1-0"]
[WhiteElo "1999"]
[BlackElo "1858"]
[PlyCount "133"]
[EventDate "2023.05.26"]
[EventType "swiss"]
[EventRounds "7"]
[EventCountry "ENG"]
[SourceTitle "CBM 214 Extra"]
[Source "ChessBase"]
[SourceDate "2023.07.31"]
[SourceVersion "1"]
[SourceVersionDate "2023.07.31"]
[SourceQuality "1"]

1. e4 e6 2. d4 d5 3. Nd2 dxe4 4. Nxe4 Nd7 5. c3 Ngf6 6. Nxf6+ Nxf6 7. Bd3 c5 8. Nf3 cxd4 9. Nxd4 Bc5 10. Nb3 Be7 11. 0-0 0-0 12. Qc2 Qc7 13. h3 b6 14. Nd4 Bb7 15. Bg5 h6 16. Bh4 Rfd8 17. Rad1 a6 18. Qe2 Nd5 19. Bxe7 Qxe7 20. Qg4 Nf6 21. Qh4 Rd5 22. Be2 Rg5 23. Nf3 Rh5 24. Qd4 Nd5 25. Rfe1 e5 26. Qg4 Nf6 27. Qa4 e4 28. Nd4 Rg5 29. Bf1 Nd5 30. Nf3 Rg6 31. Rxe4 Qf6 32. Rg4 h5 33. Rxg6 Qxg6 34. Bd3 Qf6 35. Be4 Bc6 36. Qd4 Qxd4 37. Nxd4 Bb7 38. Nf5 Nxc3 39. Bxb7 Nxd1 40. Bxa8 Nxb2 41. Nd6 Kf8 42. Bd5 f6 43. Nc4 Na4 44. Ne3 Nc3 45. Bb3 a5 46. Nd5 Ne2+ 47. Kf1 Nc1 48. Nxb6 Ke7 49. Bc4 Kd6 50. Ke1 Kc5 51. Kd2 Nxa2 52. Bxa2 Kxb6 53. Ke3 Kc5 54. Kf4 Kd4 55. Bf7 h4 56. Kg4 Ke4 57. Kxh4 Kf4 58. Kh5 g5 59. Kg6 Ke5 60. g3 a4 61. h4 gxh4 62. gxh4 a3 63. h5 f5 64. h6 a2 65. Bxa2 f4 66. h7 f3 67. h8Q+ 1-0

[Event "Titled Tuesday intern op 28th Mar Late"]
[Site "Chess.com INT"]
[Date "2023.03.28"]
[Round "1"]
[White "Pert, Nina P"]
[Black "Klenburg, Mikhail"]
[Result "0-1"]
[WhiteElo "1999"]
[BlackElo "2325"]
[PlyCount "70"]
[EventDate "2023.03.28"]
[EventType "swiss (blitz)"]
[EventRounds "11"]
[EventCountry "USA"]
[SourceTitle "EXT 2024"]
[Source "ChessBase"]
[SourceDate "2023.10.10"]
[SourceVersion "1"]
[SourceVersionDate "2023.10.10"]
[SourceQuality "1"]

1. e4 d6 2. d4 Nf6 3. Nc3 g6 4. f3 c6 5. Be3 Nbd7 6. Qd2 b5 7. a4 b4 8. Na2 a5 9. Bc4 d5 10. Bd3 dxe4 11. fxe4 e5 12. Nf3 exd4 13. Nxd4 Bb7 14. 0-0 Bg7 15. Bg5 Qb6 16. Qf2 0-0 17. c3 Ng4 18. Qf3 Nde5 19. Qg3 c5 20. Nf3 c4+ 21. Kh1 cxd3 22. cxb4 axb4 23. Qf4 Nf2+ 24. Rxf2 Qxf2 25. Nxe5 Qxf4 26. Bxf4 Rxa4 27. Nxd3 Rfa8 28. Ndc1 b3 29. Nxb3 Rxa2 30. Rd1 Bxe4 31. Nc5 Ra1 32. Bc1 Bh6 33. Nxe4 Rxc1 34. Rxc1 Bxc1 35. b4 Rb8 0-1

[Event "Titled Tuesday intern op 14th Mar Late"]
[Site "Chess.com INT"]
[Date "2023.03.14"]
[Round "10"]
[White "Bogaudinov, Rushan"]
[Black "Pert, Nina P"]
[Result "1-0"]
[WhiteElo "1939"]
[BlackElo "1999"]
[PlyCount "105"]
[EventDate "2023.03.14"]
[EventType "swiss (blitz)"]
[EventRounds "11"]
[EventCountry "USA"]
[SourceTitle "EXT 2024"]
[Source "ChessBase"]
[SourceDate "2023.10.10"]
[SourceVersion "1"]
[SourceVersionDate "2023.10.10"]
[SourceQuality "1"]

1. a3 a6 2. b4 b6 3. Bb2 Bb7 4. d4 d6 5. c4 Nd7 6. d5 e6 7. e4 exd5 8. exd5 Ngf6 9. Nf3 Be7 10. Bd3 0-0 11. 0-0 h6 12. Nc3 Ng4 13. Ne4 Nge5 14. Be2 Nxf3+ 15. Bxf3 Ne5 16. Be2 f5 17. Ng3 Qe8 18. Qc2 Qg6 19. Bh5 Qg5 20. f4 Qh4 21. fxe5 f4 22. Qg6 fxg3 23. hxg3 Qg5 24. e6 Qxg6 25. Bxg6 b5 26. Bf7+ Kh7 27. Rfd1 bxc4 28. Rac1 c6 29. Rxc4 cxd5 30. Rc7 Bg5 31. Rxb7 Rac8 32. Bd4 Rc2 33. e7 Rxf7 34. e8Q Rxb7 35. Qe6 Rbc7 36. Qxd5 Re2 37. Qf5+ Kh8 38. Rf1 Rd2 39. Bb6 Rcc2 40. Rf2 Rd1+ 41. Kh2 Rcc1 42. g4 Bh4 43. g3 Rh1+ 44. Kg2 Rhg1+ 45. Kf3 Rxg3+ 46. Ke2 Rxa3 47. Bd4 Ra2+ 48. Kd3 Rd1+ 49. Kc4 Rc2+ 50. Kb3 Rxf2 51. Bxf2 Bf6 52. Qc8+ Kh7 53. Qc2+ 1-0

[Event "Titled Tuesday intern op 14th Mar Late"]
[Site "Chess.com INT"]
[Date "2023.03.14"]
[Round "6"]
[White "Pert, Nina P"]
[Black "Antonio, Jorge Carlos"]
[Result "1/2-1/2"]
[WhiteElo "1999"]
[BlackElo "2277"]
[PlyCount "73"]
[EventDate "2023.03.14"]
[EventType "swiss (blitz)"]
[EventRounds "11"]
[EventCountry "USA"]
[SourceTitle "EXT 2024"]
[Source "ChessBase"]
[SourceDate "2023.10.10"]
[SourceVersion "1"]
[SourceVersionDate "2023.10.10"]
[SourceQuality "1"]

1. Nf3 d5 2. b3 c5 3. Bb2 f6 4. e3 e5 5. d4 cxd4 6. exd4 e4 7. Nfd2 f5 8. c4 Nf6 9. Nc3 Be6 10. cxd5 Nxd5 11. Be2 Nc6 12. Nc4 Bb4 13. Rc1 0-0 14. 0-0 Nf4 15. Ne3 Bxc3 16. Bxc3 Nd5 17. Nxd5 Bxd5 18. Bc4 Ne7 19. Bb4 Re8 20. Bxe7 Rxe7 21. Bxd5+ Qxd5 22. Rc5 Qd6 23. Rxf5 Rd8 24. d5 g6 25. Rg5 h6 26. Rg3 Kh7 27. Qg4 Re5 28. Rd1 h5 29. Qf4 Rd7 30. h3 Rxd5 31. Rxd5 Qxf4 32. Rxd7+ Kh6 33. Rxb7 Qc1+ 34. Kh2 Qf4 35. Kg1 Qc1+ 36. Kh2 Qf4 37. Kg1 1/2-1/2

[Event "Titled Tuesday intern op 14th Mar Late"]
[Site "Chess.com INT"]
[Date "2023.03.14"]
[Round "9"]
[White "Pert, Nina P"]
[Black "Goncalves, Nata"]
[Result "1-0"]
[WhiteElo "1999"]
[BlackElo "2017"]
[PlyCount "81"]
[EventDate "2023.03.14"]
[EventType "swiss (blitz)"]
[EventRounds "11"]
[EventCountry "USA"]
[SourceTitle "EXT 2024"]
[Source "ChessBase"]
[SourceDate "2023.10.10"]
[SourceVersion "1"]
[SourceVersionDate "2023.10.10"]
[SourceQuality "1"]

1. d4 Nf6 2. Bf4 d5 3. Nf3 c5 4. e3 Nc6 5. c3 Qb6 6. dxc5 Qxb2 7. Nbd2 Qxc3 8. Bc7 e6 9. Rc1 Qb4 10. a4 Bxc5 11. Bb5 0-0 12. h3 Bd7 13. Rb1 Qc3 14. Rb3 Bb4 15. Rxc3 Bxc3 16. 0-0 Rfc8 17. Bg3 a6 18. Bd3 Nb4 19. Qb1 Bxa4 20. Rc1 b5 21. Ne5 Bxd2 22. Rf1 Bc3 23. Ng4 Nxd3 24. Nxf6+ Bxf6 25. Qxd3 Bc2 26. Qa3 a5 27. Rc1 b4 28. Qa2 b3 29. Qa3 b2 30. Rf1 b1Q 31. Rxb1 Bxb1 32. Qb3 Bc2 33. Qb7 a4 34. Bd6 a3 35. Bxa3 Rcb8 36. Qc7 Bd8 37. Qd6 Rxa3 38. Qxa3 Bf6 39. Qd6 Rc8 40. Qd7 Bg6 41. Qxc8+ 1-0

[Event "Titled Tuesday intern op 28th Feb Late"]
[Site "Chess.com INT"]
[Date "2023.02.28"]
[Round "3"]
[White "Kovacs, Klara"]
[Black "Pert, Nina P"]
[Result "0-1"]
[WhiteElo "2121"]
[BlackElo "2009"]
[PlyCount "47"]
[EventDate "2023.02.28"]
[EventType "swiss (blitz)"]
[EventRounds "11"]
[EventCountry "USA"]
[SourceTitle "CBM 213 Extra"]
[Source "ChessBase"]
[SourceDate "2023.05.31"]
[SourceVersion "1"]
[SourceVersionDate "2023.05.31"]
[SourceQuality "1"]

1. d4 d5 2. Nc3 Nf6 3. Bg5 Bf5 4. f3 h6 5. Bh4 g5 6. Bf2 e6 7. Qd2 Bd6 8. 0-0-0 Qe7 9. g4 Bg6 10. h4 Nh7 11. hxg5 hxg5 12. e3 Nd7 13. Nge2 0-0-0 14. Kb1 f5 15. Nb5 fxg4 16. fxg4 Kb8 17. Nxd6 Qxd6 18. Nc3 Nhf6 19. Nb5 Qb6 20. Be2 Ne4 21. Qe1 Rxh1 22. Qxh1 Nxf2 23. Qf1 Nxd1 24. Qxd1 0-1

[Event "Titled Tuesday intern op 28th Feb Late"]
[Site "Chess.com INT"]
[Date "2023.02.28"]
[Round "1"]
[White "Pert, Nina P"]
[Black "Florescu, Codrut Constantin"]
[Result "0-1"]
[WhiteElo "2009"]
[BlackElo "2245"]
[PlyCount "90"]
[EventDate "2023.02.28"]
[EventType "swiss (blitz)"]
[EventRounds "11"]
[EventCountry "USA"]
[SourceTitle "CBM 213 Extra"]
[Source "ChessBase"]
[SourceDate "2023.05.31"]
[SourceVersion "1"]
[SourceVersionDate "2023.05.31"]
[SourceQuality "1"]

1. d4 Nf6 2. Nf3 e6 3. Bg5 h6 4. Bxf6 Qxf6 5. e4 d6 6. Nbd2 a6 7. c3 Nc6 8. Bd3 e5 9. Qa4 Bd7 10. Qb3 Rb8 11. d5 Nd8 12. 0-0 Ra8 13. Nc4 g6 14. Ne3 Bg7 15. c4 0-0 16. Rac1 Qe7 17. Qc3 b6 18. b4 a5 19. a3 Nb7 20. Nd2 f5 21. Nb3 f4 22. Nd1 f3 23. g3 h5 24. c5 axb4 25. axb4 Bh3 26. Re1 Bh6 27. Ne3 bxc5 28. bxc5 h4 29. cxd6 cxd6 30. Qc7 Rf7 31. Qxe7 Rxe7 32. Rc3 Ra3 33. Rec1 Bxe3 34. fxe3 Kf7 35. Kf2 Bg4 36. Nd2 Ra2 37. R1c2 Rxc2 38. Rxc2 Nc5 39. Bf1 Ra7 40. Rb2 Ra4 41. Bc4 Ra1 42. Rb6 Rd1 43. Rxd6 Rxd2+ 44. Kf1 Nxe4 45. Ra6 Rd1# 0-1

[Event "Titled Tuesday intern op 28th Feb Late"]
[Site "Chess.com INT"]
[Date "2023.02.28"]
[Round "4"]
[White "Pert, Nina P"]
[Black "Novosel, Lovro"]
[Result "0-1"]
[WhiteElo "2009"]
[BlackElo "2353"]
[PlyCount "54"]
[EventDate "2023.02.28"]
[EventType "swiss (blitz)"]
[EventRounds "11"]
[EventCountry "USA"]
[SourceTitle "CBM 213 Extra"]
[Source "ChessBase"]
[SourceDate "2023.05.31"]
[SourceVersion "1"]
[SourceVersionDate "2023.05.31"]
[SourceQuality "1"]

1. d4 Nf6 2. Bg5 g6 3. Bxf6 exf6 4. e3 Bg7 5. Ne2 0-0 6. g3 d6 7. Bg2 c5 8. c4 Qc7 9. Qb3 Nc6 10. Nd2 f5 11. 0-0 cxd4 12. exd4 Nxd4 13. Nxd4 Bxd4 14. Rfd1 Bf6 15. Nf3 Be6 16. Nd4 Bxc4 17. Qb4 Qc5 18. Qc3 Rab8 19. Rac1 Rfc8 20. Qe3 Qe5 21. Qd2 Ba6 22. Nf3 Qxb2 23. Qxd6 Rxc1 24. Qxb8+ Kg7 25. Qd6 Qa1 26. Rf1 Rxf1+ 27. Bxf1 Qxf1# 0-1

[Event "Cambridge op"]
[Site "Cambridge"]
[Date "2023.02.18"]
[Round "8"]
[White "Blinov, Roman"]
[Black "Pert, Nina P"]
[Result "1-0"]
[WhiteElo "1731"]
[BlackElo "2009"]
[PlyCount "76"]
[EventDate "2023.02.15"]
[EventType "swiss"]
[EventRounds "9"]
[EventCountry "ENG"]
[SourceTitle "CBM 212 Extra"]
[Source "ChessBase"]
[SourceDate "2023.03.31"]
[SourceVersion "1"]
[SourceVersionDate "2023.03.31"]
[SourceQuality "1"]

1. d4 d5 2. Bf4 Nf6 3. e3 c5 4. Nf3 Nc6 5. Nbd2 Nh5 6. Be5 f6 7. Bg3 cxd4 8. exd4 g6 9. Be2 Bh6 10. 0-0 0-0 11. c4 Nxg3 12. hxg3 Kh8 13. Nb3 Bg4 14. Re1 Rc8 15. cxd5 Qxd5 16. Nh4 Bxe2 17. Qxe2 Rfe8 18. Nf3 Nb4 19. Red1 Rc2 20. Qe1 a5 21. a3 Qxb3 22. axb4 Qxb4 23. Qxb4 axb4 24. b3 b5 25. Ra7 Rb2 26. Rd3 Rc8 27. Rxe7 Rcc2 28. d5 Rb1+ 29. Re1 Rxe1+ 30. Nxe1 Rc3 31. d6 Rc8 32. d7 Rd8 33. Nf3 Kg8 34. Rd5 Kf7 35. Nd4 Bf8 36. Nc6 Ke6 37. Nxd8+ Kxd5 38. Nc6 Ke6 1-0